000 00464pab a2200157 454500
008 180718b2000 xxu||||| |||| 00| 0 eng d
100 _aSaha, Prodip Kumar
245 _aRole of Divisional Commissioner in Bangladesh with special reference to Rajshahi division: an appraisal
260 _c2000
300 _ap.35-48
362 _aJan-Dec
650 _aCivil service - Bangladesh
650 _aCivil service
773 _aAdministrative Change
909 _a49093
999 _c49093
_d49093